Čítanka pre 3. ročník osobitných škôl. /

Uložené v:
Podrobná bibliografia
Hlavní autori: Maňková, Veronika (Author), Demianičová, Anna (Author)
Médium: Kniha
Jazyk:Slovak
Vydané: Bratislava : Media Trade, spol. s r.o.- Slovenské pedagogické nakladateľstvo, 1997
Vydanie:1. vyd.
Témy:
ISBN: 8008019085 (brož.)
Fyzický popis: 54 s.
Tagy: Pridať tag
Žiadne tagy, Buďte prvý kto otaguje tento záznam!

MARC

LEADER 00000nam a2200000 a 4500
001 000032607
003 SVKK
005 19990325000000.0
008 980204s1997 xo e sloo
020 |a 8008019085 (brož.) 
040 |a SVKKK  |b slo  |c SVKKK  |e AACR2 
041 0 |a slo 
044 |a xo  |c SK 
080 |a 372.41(075.2)  |2 1997 
100 1 |a Maňková, Veronika  |4 aut 
245 1 0 |a Čítanka pre 3. ročník osobitných škôl. /  |c Veronika Maňková, Anna Demianičová 
250 |a 1. vyd. 
260 |a Bratislava :  |b Media Trade, spol. s r.o.- Slovenské pedagogické nakladateľstvo,  |c 1997 
300 |a 54 s. 
653 0 |a čítanie  |2 SVKKKPH 
653 0 |a učebnice základných škôl  |2 SVKKKPH 
655 7 |a učebnice základných škôl  |2 SVKKKPH 
700 1 |a Demianičová, Anna  |4 aut 
910 |a svkkk 
919 |a 80-08-01908-5 
974 |a MI  |d 19980219 
974 |a PA  |d 19980403 
974 |a MI  |d 19990325 
998 |a BK 
090 |g SCKHL  |k Sklad Pribinova 3. posch.  |a V.201208  |j 915027  |i 2720620674  |s Absenčne